| 000 | 01129 a2200229 4500 | ||
|---|---|---|---|
| 999 |
_c7795 _d7795 |
||
| 020 | _a0521841429 (hbk.) | ||
| 050 | 0 | 0 | _aK3791VRD 2008 |
| 100 | 1 |
_aVrdoljak, Ana Filipa. _eauthor |
|
| 245 | 1 | 0 |
_aInternational law, museums and the return of cultural objects / _cAna Filipa Vrdoljak. |
| 264 |
_aCambridge: _bCambridge university press, _c2008 |
||
| 300 |
_axxxviii, 342 p. : _bill., maps ; |
||
| 500 | _aIncludes bibliographical references (p. 305-332) and index. | ||
| 504 | _aIncludes bibliographical references (p. 305-332) and index. | ||
| 650 | 0 |
_aCultural property _xProtection (International law) |
|
| 650 | 0 |
_aCultural property _xRepatriation. |
|
| 650 | 0 |
_aMuseums _xLaw and legislation. |
|
| 856 | 4 | 2 |
_3Publisher description _uhttp://www.loc.gov/catdir/enhancements/fy0702/2006281657-d.html |
| 856 | 4 | 1 |
_3Table of contents only _uhttp://www.loc.gov/catdir/enhancements/fy0702/2006281657-t.html |
| 856 | 4 | 2 |
_3Contributor biographical information _uhttp://www.loc.gov/catdir/enhancements/fy0733/2006281657-b.html |
| 942 |
_2lcc _cBK _h3791 _iVRD _kK |
||